000
00326nam a2200145Ia 4500
100
_a
Gilbert/ Stephen/ Mc Garthy/ Bill
942
_c
BK
654
_a
Computer
245
_a
Object Oriented Design in Java
260
_b
Techmedia
_c
1998
082
_a
005.133'J'
_b
GIL/
300
_a
720
546
_a
ENGLISH
999
_c
30358
_d
30358